[Event "Marseille op 5th"]
[Site "Marseille"]
[Date "2012.12.27"]
[Round "3"]
[White "Chauvet, Vincent"]
[Black "Scherrer, Gilles"]
[Result "1/2-1/2"]
[WhiteElo "2146"]
[BlackElo "1800"]
[PlyCount "102"]
[EventDate "2012.12.26"]
[EventType "swiss"]
[EventRounds "9"]
[EventCountry "FRA"]
[SourceTitle "EXT 2014"]
[Source "ChessBase"]
[SourceDate "2013.11.20"]
[SourceVersion "1"]
[SourceVersionDate "2013.11.20"]
[SourceQuality "1"]

1. d4 e6 2. c4 d5 3. Nc3 Nf6 4. cxd5 exd5 5. Bg5 Be7 6. e3 c6 7. Qc2 Nbd7 8. Bd3 b6 9. Nge2 Bb7 10. Rd1 Rc8 11. 0-0 0-0 12. Bf5 h6 13. Bh4 Ne8 14. Bxe7 Qxe7 15. Bh3 Nd6 16. Ng3 Rcd8 17. Rfe1 Nf6 18. Qa4 Qc7 19. b4 Nc4 20. Qb3 b5 21. f3 Qb6 22. a4 bxa4 23. Nxa4 Qb5 24. Nc5 a5 25. bxa5 Nxa5 26. Qxb5 cxb5 27. Ra1 Ra8 28. Nf5 Rfb8 29. Rab1 Bc6 30. Rb4 Ra7 31. Ra1 Kf8 32. g3 Rba8 33. Bf1 Nc4 34. Rab1 Nd2 35. R1b2 Nxf3+ 36. Kg2 Ng5 37. Bxb5 Bxb5 38. Rxb5 Rd8 39. Rb8 Ra8 40. R8b7 Ra3 41. Rb8 Ra8 42. R8b6 Ra3 43. Nxh6 Rxe3 44. Nf5 Ree8 45. Rb7 g6 46. Nh4 Nfe4 47. Nd7+ Kg7 48. Ne5 Nd6 49. Rc7 Ne6 50. Ra7 Nxd4 51. Nhf3 Nxf3 1/2-1/2

[Event "Marseille op 4th"]
[Site "Marseille"]
[Date "2011.12.29"]
[Round "7"]
[White "Scherrer, Gilles"]
[Black "Cassayre, Jerome"]
[Result "1/2-1/2"]
[WhiteElo "1746"]
[BlackElo "2011"]
[PlyCount "39"]
[EventDate "2011.12.26"]
[EventType "swiss"]
[EventRounds "9"]
[EventCountry "FRA"]
[SourceTitle "CBM 146 Extra"]
[Source "ChessBase"]
[SourceDate "2012.02.29"]
[SourceVersion "1"]
[SourceVersionDate "2012.02.29"]
[SourceQuality "1"]

1. e4 d5 2. exd5 Qxd5 3. Nc3 Qd6 4. d4 Nf6 5. Nf3 a6 6. g3 Bg4 7. Bg2 c6 8. 0-0 e6 9. Bf4 Qd8 10. Qd2 Bb4 11. a3 Ba5 12. b4 Bc7 13. Bxc7 Qxc7 14. Qg5 0-0 15. Nd2 Bf5 16. Be4 Nxe4 17. Ncxe4 Qd8 18. Qxd8 Rxd8 19. c3 Nd7 20. Nd6 1/2-1/2

[Event "Marseille op 4th"]
[Site "Marseille"]
[Date "2011.12.28"]
[Round "5"]
[White "Scherrer, Gilles"]
[Black "Flores, Francisco"]
[Result "1/2-1/2"]
[WhiteElo "1746"]
[BlackElo "1866"]
[PlyCount "63"]
[EventDate "2011.12.26"]
[EventType "swiss"]
[EventRounds "9"]
[EventCountry "FRA"]
[SourceTitle "CBM 146 Extra"]
[Source "ChessBase"]
[SourceDate "2012.02.29"]
[SourceVersion "1"]
[SourceVersionDate "2012.02.29"]
[SourceQuality "1"]

1. e4 c5 2. Nc3 Nc6 3. g3 e5 4. Bg2 Nf6 5. d3 d6 6. Nge2 Be7 7. 0-0 0-0 8. h3 Bd7 9. Be3 Qc8 10. Kh2 Nd4 11. f4 Bc6 12. Qd2 b5 13. Rae1 Rb8 14. Nd1 b4 15. Nf2 Qc7 16. g4 Rfd8 17. Ng3 exf4 18. Bxf4 Ne6 19. g5 Nd7 20. Ng4 Ne5 21. Bxe5 dxe5 22. h4 c4 23. Qf2 Bc5 24. Qf5 Nd4 25. Nf6+ gxf6 26. Qxf6 Qe7 27. Qh6 Qf8 28. Qh5 Nxc2 29. Nf5 Rd6 30. Nh6+ Rxh6 31. gxh6 Nxe1 32. Qg5+ 1/2-1/2

[Event "Marseille op 4th"]
[Site "Marseille"]
[Date "2011.12.26"]
[Round "2"]
[White "Savalle, Nicolas"]
[Black "Scherrer, Gilles"]
[Result "0-1"]
[WhiteElo "1530"]
[BlackElo "1746"]
[PlyCount "64"]
[EventDate "2011.12.26"]
[EventType "swiss"]
[EventRounds "9"]
[EventCountry "FRA"]
[SourceTitle "CBM 146 Extra"]
[Source "ChessBase"]
[SourceDate "2012.02.29"]
[SourceVersion "1"]
[SourceVersionDate "2012.02.29"]
[SourceQuality "1"]

1. d4 Nf6 2. c4 g6 3. Nf3 Bg7 4. Nc3 d6 5. Bg5 0-0 6. e3 Bf5 7. Bd3 Bxd3 8. Qxd3 Nbd7 9. 0-0 h6 10. Bh4 c5 11. a3 a5 12. a4 Rc8 13. d5 Qb6 14. e4 Rfe8 15. Nb5 Nh5 16. Rab1 Nf4 17. Qe3 g5 18. Bg3 Ng6 19. Qd3 g4 20. Nd2 h5 21. f4 Bd4+ 22. Nxd4 cxd4 23. Nb3 Qb4 24. Rfc1 h4 25. Be1 Nxf4 26. Qc2 d3 27. Bxb4 dxc2 28. Rxc2 axb4 29. Rf1 Ng6 30. a5 Nde5 31. Nd4 Rxc4 32. Rxc4 Nxc4 0-1

[Event "Marseille op 4th"]
[Site "Marseille"]
[Date "2011.12.26"]
[Round "1"]
[White "Scherrer, Gilles"]
[Black "Petrossian, Armen"]
[Result "0-1"]
[WhiteElo "1746"]
[BlackElo "2458"]
[PlyCount "88"]
[EventDate "2011.12.26"]
[EventType "swiss"]
[EventRounds "9"]
[EventCountry "FRA"]
[SourceTitle "CBM 146 Extra"]
[Source "ChessBase"]
[SourceDate "2012.02.29"]
[SourceVersion "1"]
[SourceVersionDate "2012.02.29"]
[SourceQuality "1"]

1. e4 c6 2. Nc3 d5 3. Nf3 Bg4 4. exd5 cxd5 5. d4 Nc6 6. Be2 e6 7. a3 Bd6 8. Bg5 Nge7 9. Qd2 a6 10. h3 Bxf3 11. Bxf3 Qc7 12. Ne2 h6 13. Bf4 Bxf4 14. Nxf4 Nf5 15. c3 Nh4 16. Qe3 Ne7 17. g3 Nef5 18. Qe2 Nxf3+ 19. Qxf3 0-0-0 20. 0-0 Kb8 21. Rfc1 Nd6 22. Nd3 Ka7 23. Rc2 Qe7 24. Re1 Rhe8 25. Rce2 Ne4 26. Kg2 Rc8 27. Ne5 f6 28. Ng6 Qf7 29. Nf4 g5 30. Qh5 Qd7 31. Nd3 b6 32. f3 Nd6 33. Qxh6 Qf7 34. g4 Rh8 35. Rxe6 Rxh6 36. Re7+ Rc7 37. Rxf7 Rxf7 38. Nb4 Rfh7 39. Re7+ Rxe7 40. Nc6+ Kb7 41. Nxe7 Nc4 42. Ng8 Rg6 43. Ne7 Ne3+ 44. Kf2 Rg7 0-1

[Event "FRA-ch U20"]
[Site "Aix les Bains"]
[Date "2009.04.25"]
[Round "8"]
[White "Scherrer, Gilles"]
[Black "Roubert, Emile"]
[Result "0-1"]
[WhiteElo "1768"]
[BlackElo "1918"]
[PlyCount "82"]
[EventDate "2009.04.19"]
[EventType "swiss"]
[EventRounds "9"]
[EventCountry "FRA"]
[SourceTitle "CBM 130 Extra"]
[Source "ChessBase"]
[SourceDate "2009.07.02"]
[SourceVersion "2"]
[SourceVersionDate "2009.07.15"]
[SourceQuality "1"]

1. e4 e5 2. Nf3 Nc6 3. Bc4 Bc5 4. 0-0 Nf6 5. d3 d6 6. c3 h6 7. h3 0-0 8. Be3 Bb6 9. Nbd2 Re8 10. Qc2 d5 11. exd5 Nxd5 12. d4 exd4 13. Bxd4 Nxd4 14. cxd4 Be6 15. a3 Nf4 16. Nb3 Bxc4 17. Qxc4 Qd5 18. Qxd5 Nxd5 19. Rfe1 Nf4 20. Rxe8+ Rxe8 21. Kf1 Nd3 22. Rb1 Nf4 23. Re1 Rxe1+ 24. Nxe1 Ne6 25. Nc2 c6 26. g3 Kf8 27. Ke2 Ke7 28. Ke3 Kd6 29. Nb4 a5 30. Nc2 Kd5 31. Kd3 a4 32. Ne3+ Kd6 33. Nc4+ Kc7 34. Nxb6 Kxb6 35. Nd2 Kc7 36. Ne4 g5 37. f4 f5 38. Nd2 Kd6 39. Nf1 h5 40. Ne3 g4 41. Kc2 h4 0-1

[Event "FRA-ch op-C"]
[Site "Aix les Bains"]
[Date "2007.08.18"]
[Round "5"]
[White "Fontaine, Olivier"]
[Black "Scherrer, Gilles"]
[Result "1/2-1/2"]
[WhiteElo "1760"]
[BlackElo "1670"]
[PlyCount "42"]
[EventDate "2007.08.13"]
[EventType "swiss"]
[EventRounds "11"]
[EventCountry "FRA"]
[SourceTitle "CBM 120 Extra"]
[Source "ChessBase"]
[SourceDate "2007.11.01"]
[SourceVersion "1"]
[SourceVersionDate "2007.11.01"]
[SourceQuality "1"]

1. d4 Nf6 2. c4 g6 3. g3 Bg7 4. Bg2 d6 5. Nf3 0-0 6. Nc3 Nbd7 7. 0-0 Rb8 8. e4 e5 9. Re1 Nb6 10. Qe2 Bg4 11. dxe5 dxe5 12. h3 Bxf3 13. Bxf3 Qd4 14. Nb5 Qxc4 15. Qxc4 Nxc4 16. Nxc7 a6 17. b3 Rfc8 18. Nxa6 bxa6 19. bxc4 Rxc4 20. a3 Rc3 21. Bg2 Bf8 1/2-1/2